| 000 | 00642nam a22002177a 4500 | ||
|---|---|---|---|
| 999 |
_c14747 _d14747 |
||
| 003 | AR-CdUCM | ||
| 008 | 190424b ||||| |||| 00| 0 spa d | ||
| 020 | _a978-968-16-6078-9 | ||
| 040 |
_aMUNICIPALIDAD PROVINCIAL DEL CUSCO _cBIBLIOTECA MUNICIPAL DEL CUSCO |
||
| 082 |
_aPI / 808.06 / _bB16 |
||
| 100 |
_aCorazza, L. _933627 |
||
| 245 | _aTse - tse / | ||
| 260 |
_aMéxico : _bFondo cultura económica, _c2007. |
||
| 300 |
_a32 páginas ; _c18 cm. _bIlustración, |
||
| 650 |
_aJuego _933628 |
||
| 650 |
_aPrimera _933629 |
||
| 650 |
_aInfancia _95236 |
||
| 700 |
_aGerner, J _933630 |
||
| 942 |
_2ddc _cLIBROS |
||
| 945 |
_arah _d24/04/2019 |
||